• 首页
  • 本馆介绍
  • 公告通知
  • 最新文献
  • 馆藏检索
  • 电子资源
  • 读者导购
  • 参考咨询
  • 我的图书馆
  • 登录
  • 详细信息显示
  • 放入我的书架
  • 预约/预借图书
  • 作者相关作品
  • 分类相关作品
  • 丛书相关作品
  • 出版社相关作品

书目信息

  • 表格格式
  • 工作单格式
  • 卡片格式
题名:
中华建筑之魂
    
 
作者: 亢羽 著
分册:  
出版信息: 北京   中国书店出版社  1999
页数: 281页
开本: 20cm
丛书名: 易学文化丛书
单 册:
中图分类: TU-023
科图分类:
主题词: 建筑学--环境理论
电子资源:
ISBN: 7-80568-893-1
000 00768nam2 2200241 45
001 0408141562
005 20040814153654.1
010    @a7-80568-893-1@dCNY13.00
100    @a20040814d1999 km y0chiy0120 ea
101 0  @achi
105    @aa z 000yy
200 1  @a中华建筑之魂@AZhong Hua Jian Zhu Zhi Hun@e易学堪舆与建筑@EYi Xue Kan Yu Yu Jian Zhu@f亢羽著@FKang Yu Zhu
210    @a北京@c中国书店出版社@d1999
215    @a281页@c插图@d20cm
225    @a易学文化丛书@f张其成主编
410    @12001 @a易学文化丛书
410    @1700 0@a张其成@AZhang Qi Cheng@4主编
517    @a易学堪舆与建筑@AYi Xue Kan Yu Yu Jian Zhu
606 0  @a建筑学@x环境理论
690    @aTU-023@v4
701  0 @a亢羽@4著
801    @aCN@bTSTCL@c20040814
905    @b335576-578@dTU-023@e33@f3
    
    中华建筑之魂:易学堪舆与建筑/亢羽著.-北京:中国书店出版社,1999
    281页:插图;20cm.-(易学文化丛书/张其成主编)
    
    
    ISBN 7-80568-893-1:CNY13.00
    
●
相关链接 在E读中查询图书 在五车中查询图书 在当当中查询图书 在豆瓣中查询图书


正题名:中华建筑之魂     索取号:TU-023/33         预约/预借

序号 登录号 条形码 馆藏地/架位号 状态 备注
1 0335576   203355760   第三借阅区/ [索取号:TU-023/33] 在馆    
2 0335577   203355779   第三借阅区/ [索取号:TU-023/33] 在馆    
3 0335578   203355788   第二样本阅览室/ [索取号:TU-023/33] 在馆    
唐山师范学院图书馆 欢迎您!
大连网信软件有限公司© 版权所有